000
00337 a2200133 4500
000
nam a22 7a 4500
100
_a
P.D.Sharma
110
_a
P.D.Sharma
245
_a
PASHCHATYA RAJNITIK VICHARO KA ITIHAS
250
_a
latest edition
260
_b
colleage book depot
_c
2023
264
_b
colleage book depot
_c
2023
942
_c
BK
999
_c
395082
_d
395082